Theory and problems of linear algebra (Record no. 12346)

000 -LEADER
fixed length control field 00702nam a22002057a 4500
008 - FIXED-LENGTH DATA ELEMENTS--GENERAL INFORMATION
fixed length control field 230427b 2022 ||||| |||| 00| 0 eng d
020 ## - INTERNATIONAL STANDARD BOOK NUMBER
International Standard Book Number 9780070605022
082 ## - DEWEY DECIMAL CLASSIFICATION NUMBER
Classification number 512.5
Item number LIP
100 ## - MAIN ENTRY--PERSONAL NAME
Personal name Lipschutz, Seymour
245 ## - TITLE STATEMENT
Title Theory and problems of linear algebra
250 ## - EDITION STATEMENT
Edition statement 3rd ed.
260 ## - PUBLICATION, DISTRIBUTION, ETC. (IMPRINT)
Place of publication, distribution, etc New York
Name of publisher, distributor, etc McGraw Hill Education (India)
Date of publication, distribution, etc 2022
300 ## - PHYSICAL DESCRIPTION
Extent 424p.
520 ## - SUMMARY, ETC.
Summary, etc 612 fully solved problems; concise explanations of all course concepts; information on algebraic systems, polynomials, and matrix applications.
650 ## - SUBJECT ADDED ENTRY--TOPICAL TERM
Topical term or geographic name as entry element Algebra of Matrices
650 ## - SUBJECT ADDED ENTRY--TOPICAL TERM
Topical term or geographic name as entry element Systems of Linear Equations
650 ## - SUBJECT ADDED ENTRY--TOPICAL TERM
Topical term or geographic name as entry element Canonical Forms
700 ## - ADDED ENTRY--PERSONAL NAME
Personal name Lipson, Marc Lars
Relator term Co-author
942 ## - ADDED ENTRY ELEMENTS (KOHA)
Item type Books
Holdings
Withdrawn status Lost status Source of classification or shelving scheme Damaged status Not for loan Collection code Permanent location Current location Shelving location Date acquired Full call number Barcode Date last seen Koha item type Public note
          Non-fiction IMU-MPC Library IMU-MPC Library General Stacks 2023-04-27 512.5 LIP MPC6656 2025-03-17 Books Column - 24
Copyright © 2021 Indian Maritime University, Mumbai Port Campus. All Rights Reserved. Managed & Maintained by Central Library, IMU-Mumbai

webs counters

Powered by Koha